000 00335nam a2200121 4500
999 _c10706
_d10706
008 180918b ||||| |||| 00| 0 eng d
100 _931238
_aPanaligan, Rey G.
245 _aImplement RH law- SC/
_cRey G. Panaligan
260 _aPhilippines
_bManila Bulletin
_cc2017
300 _apage 17.
650 0 _937126
_aLaw.
942 _2ddc
_cPER